000 00921nam a2200157 4500
008 708 V986v
020 _a8488490070
082 _a708
_bV986v
110 _aCasa de América
_97081
245 _aA vueltas con los sentidos
260 _aCasa de América
_bMadrid
_c1999
300 _a118 p.
_bil (col)
_c27 x 21 cm
505 _tPresentación
_rIñigo Ramírez de Haro
_tA vueltas con los sentidos / Back to the senses
_rEstrella de Diego
_tEl sueño de los sentidos / The dream of the senses
_rManuel Gutiérrez Estévez
_tSentir, no sentir, negar la verdad / Feeling, not feeling, denying the truth
_rJuan Antonio Ramírez
_tCartas a Estrella / Letters to Estrella
_rIvo Mesquita
_tCatálogo
_tBiografías
650 _xarte contemporáneo
_xarte - exhibiciones
_xcatálogo de exhibición
_xConstantino, Nicola
_xHernández-Diez, José Antonio
_xJusidman, Yishai
_97082
700 _ade Diego, Estrella (comisaria)
_97083
999 _c1806
_d1806